Statistics for coney island lyrics

Click here to take the quiz!

General Stats

  • This quiz has been taken 115 times
  • The average score is 318 of 388

Answer Stats

Lyrics% Correct
I
100%
A
96%
a
96%
for
96%
I'm
96%
in
96%
is
96%
the
96%
The
96%
you
96%
you?
96%
you,
96%
your
96%
an
94%
baby
94%
be
94%
bench
94%
Coney
94%
did
94%
Did
94%
go?"
94%
Island
94%
my
94%
my,
94%
on
94%
sitting
94%
When
94%
when
94%
"Where
94%
who
94%
wondering,
94%
And
91%
and
91%
me
91%
me?
91%
but
89%
But
89%
so
89%
to?
89%
to
89%
then
87%
was
87%
we
87%
you're
87%
birthday
85%
Happy
85%
if
85%
If
85%
it
85%
no
85%
not
85%
that
85%
were
85%
Were
85%
with
85%
am
83%
big
83%
cake?
83%
face
83%
got
83%
into
83%
Sorry
83%
accident,
81%
before
81%
Do
81%
get
81%
here
81%
like
81%
making
81%
one
81%
old
79%
shatter
79%
close
77%
darkest
77%
down
77%
eyes
77%
flashed
77%
gray?
77%
place
77%
ring
77%
skies
77%
too
77%
arcade
74%
blue
74%
Break
74%
delicate?
74%
goes
74%
leave
74%
lights,
74%
merry-go
74%
of
74%
paint
74%
relate
74%
something
74%
soul
74%
sun
74%
winning
74%
around
72%
can't
72%
centerfold
72%
hallway
72%
internet,
72%
name
72%
related
72%
right
72%
say
72%
this
72%
two
72%
universe
72%
waiting
72%
day?
70%
every
70%
fast
70%
forgot
70%
think
70%
up
70%
at
68%
away
68%
'Cause
68%
colder
68%
gets
68%
mall
68%
Over
68%
over
68%
podium,
68%
standing
68%
care?
66%
edge,
66%
how'd
66%
long
66%
polite
66%
pushed
66%
single
66%
soon?
66%
spot
66%
there?
66%
times,
66%
again
64%
anymore,
64%
bright
64%
Disappointments
64%
fist
64%
head,
64%
Looking
64%
our
64%
surprises
64%
walked
64%
achievement
62%
lifetime
62%
line,
62%
question
62%
sight
62%
what's
62%
dreams
60%
hanging
60%
Lost
60%
miss
60%
pounds
60%
haul,
57%
by
55%
left
55%
suburban
55%
tree
55%
Will
55%
gold
53%
wise
51%
paradise
49%
trust
49%
gift-wrapped
47%
mischief,
47%
clock?
45%
coaxed
45%
forgive
45%
rogue
36%

Score Distribution

Percentile by Number Answered

Percent of People with Each Score

Your Score History

You have not taken this quiz